20. jahre bundesdeutsche schwulenbewegung : 1969-1989 /

में बचाया:
ग्रंथसूची विवरण
मुख्य लेखकों: Salmen, Andreas (लेखक), Eckert, Albert (लेखक)
स्वरूप: पुस्तक
भाषा:जर्मन
प्रकाशित: Koln : Bundesverband homosexualitat, 1989
श्रृंखला:BVH materialen ; 1
टैग: टैग जोड़ें
कोई टैग नहीं, इस रिकॉर्ड को टैग करने वाले पहले व्यक्ति बनें!

MARC

LEADER 00000nam a22000007i 4500
001 IT\ICCU\UBO\3453863
003 ItRI
005 20260115232233.0
008 080710s1989 gw |||||| ||||| |||||c
040 |b ita  |c importazione bologna sebina 
041 7 |a ger  |2 ISO-639-2 
100 1 |a Salmen, Andreas  |0 IT\ICCU\UBOV\248441  |4 aut 
245 1 0 |a 20. jahre bundesdeutsche schwulenbewegung :  |b 1969-1989 /  |c Andreas Salmen ; Albert Eckert. 
260 |a Koln :  |b Bundesverband homosexualitat,  |c 1989 
300 |a 79 p. ;  |c 21 cm. 
700 1 |a Eckert, Albert  |0 IT\ICCU\UBOV\248442  |4 aut 
830 0 |a BVH materialen ;  |v 1  |0 IT\ICCU\UBO\3453871 
942 |2 ddc  |c BK  |n 0 
952 |0 0  |1 0  |4 0  |6 DOC_306_766000000000000_SAL  |7 0  |9 22597  |a BO  |b BO  |d 2026-01-15  |i 5875  |l 0  |o DOC 306.766 SAL  |p BO5875  |r 2026-01-15 23:22:33  |w 2026-01-15  |x [Sebina 7] [1 v.]  |y BK  |z 1 v. 
999 |c 19296  |d 19296